| Поле | Инд. | ПП | Название | Значение |
|---|---|---|---|---|
| Тип записи | a | |||
| Библиографический уровень | a | |||
| 001 | Контрольный номер | ea7783f78b854213bee5c6d8366c6e79 | ||
| 005 | Дата корректировки | 20180409143711.1 | ||
| 020 | a | ISBN | 978-5-7609-1071-4 | |
| 040 | a | Служба первич. каталог. | НБ ТвГУ | |
| b | Код языка каталог. | rus | ||
| e | Правила каталог. | PSBO | ||
| 041 | 0_ | a | Код языка текста | rus |
| 097 | b | Оператор | novikova | |
| 245 | 10 | a | Заглавие | Влияние нитрата кальция на процессы фотохимического образования нанокластеров урана в растворах уранилперхлорота в ацетоне |
| 260 | a | Место издания | Тверь | |
| b | Издательство | Тверской государственный университет | ||
| 504 | a | Библиография | Библиогр.: с. 513-514 (9 назв.) | |
| 520 | 0_ | a | Аннотация | Методом электронного поглощения исследовано влияния физико-химических свойств растворов нитрата кальция на процессы фотополимеризации ацетона и фотохимического образования нанокластеров комплексов трех, четырех и пятивалентного урана с органическими лигандами при светодиодном облучении растворов в ацетоне. Установлены закономерности таких процессов. |
| 653 | 0_ | a | Ключевые слова | Уран |
| a | Ключевые слова | Катионы металлов | ||
| a | Ключевые слова | Фотохимическая активность | ||
| a | Ключевые слова | Спектры электронного поглощения | ||
| a | Ключевые слова | Ацетон | ||
| a | Ключевые слова | Нанокластеры урана | ||
| 700 | 12 | a | Другие авторы | Умрейко Сергей Дмитриевич |
| q | Полное имя | Умрейко Д. С. | ||
| 700 | 12 | a | Другие авторы | Комяк Анатолий Иванович |
| q | Полное имя | Комяк А. И. | ||
| 700 | 12 | a | Другие авторы | Вилейшикова Елена Владимировна |
| q | Полное имя | Вилейшикова Е. В. | ||
| 700 | 12 | a | Другие авторы | Зажогин Анатолий Павлович |
| q | Полное имя | Зажогин А. П. | ||
| 773 | 18 | w | Контрольный № источника | 67f1c3cb19164cf49a6059cbdd45e2bd |
| t | Название источника | Физико-химические аспекты изучения кластеров, наноструктур и наноматериалов | ||
| d | Место и дата издания | Тверь : Тверской государственный университет , 2015 | ||
| g | Прочая информация | Вып. 7. - С. 509-514 | ||
| 856 | 40 | u | URL | http://texts.lib.tversu.ru/texts/11705t.pdf |
| x | Примечание для ЭОР | Справка УИС 2016 | ||
| i | Дата подключения ЭОР | 20170420 | ||
| x | Примечание для ЭОР | Реестр суммарного учета сетевых локальных документов | ||
| 900 | a | Имя макрообъекта | 11705t | |
| 901 | t | Тип документа | a | |
| 920 | a | Оператор | Нови |